00874nam a2200217 a 4500001001000000003000500010005001700015008004100032010001100073011001100084040000900095100003000104245013700134260004100271500006000312502013000372650003500502650002700537650002200564856007000586000113582CHAP20220329144402.0170807s2017 mx sm |||||||spa d a110043 a111015 cCHAP1 aParedes Paul, Juan Adrian10aCaracterización del proceso de producción y comercialización del mezcal de Oaxacah[En línea]cpor Juan Adrian Paredes Paul. aChapingo, Méx. :bEl autor,c2017. aPara ver el contenido del material haga clic en la liga aTesis (Lic. en Comercio Internacional de Productos Agropecuarios) -- UACH. División de Ciencias Económico Administrativas14aMezcalxElaboraciónzOaxaca.14aMezcalxExportación.14aMezcalxMercadeo. aFinding aiduhttp://10.13.5.2/tesis/sist113582.pdfzTeclea aquí